Kariérní stránky musejí mít mobilní verzi

Dobrá kariérna stránka, dizajn a obsah. Investície do nej sa vyplácajú.

Saved in:
Bibliographic Details
Format: Book Chapter
Language:Czech
Subjects:
Tags: Add Tag
No Tags, Be the first to tag this record!

MARC

LEADER 00000naa a2200000 4500
001 0217104
005 20231113135252.9
041 0 |a cze 
044 |a CZ 
245 1 0 |a Kariérní stránky musejí mít mobilní verzi 
520 |a Dobrá kariérna stránka, dizajn a obsah. Investície do nej sa vyplácajú. 
610 2 0 |a stránky webové 
610 2 0 |a kariéra 
610 2 0 |a nábor pracovníkov